| 000 | 00447nam a2200169Ia 4500 | ||
|---|---|---|---|
| 008 | 230718s9999 xx 000 0 und d | ||
| 041 | _aeng | ||
| 082 |
_a620.1 _bBEE |
||
| 100 | _aBeer F.P. | ||
| 245 |
_aVector Mechanics For Engineers _bStatics |
||
| 250 | _a3rd ed. | ||
| 260 |
_c1998 _bTata Mc-graw Hill Pub. |
||
| 300 | _a472 | ||
| 365 |
_cRs. _b225.00 |
||
| 700 | _aBeer F.P. & Johnston E.R. | ||
| 906 |
_dB:42909-Mar-1999 _cALLEDS _b33.75 |
||
| 999 |
_c298710 _d298710 |
||